Normal view MARC view

Entry Personal Name

Number of records used in: 9

001 - CONTROL NUMBER

  • control field: 55533

003 - CONTROL NUMBER IDENTIFIER

  • control field: dpl

005 - DATE AND TIME OF LATEST TRANSACTION

  • control field: 20230829111930.0

008 - FIXED-LENGTH DATA ELEMENTS

  • fixed length control field: 230829|| aca||aabn | a|a d

040 ## - CATALOGING SOURCE

  • Original cataloging agency: dpl
  • Transcribing agency: dpl

100 ## - HEADING--PERSONAL NAME

  • Personal name: सय्यद हुसैन अहमद मदनी

670 ## - SOURCE DATA FOUND

  • Source citation: Work cat.: (dpl)197644: हज़रत, शैखुल इस्लाम 55530, आत्मवृतान्त /, 2022

© Delhi Public Library
Hit Counter
free hit counter